00747nam a2200157 a 450000100100000000500170001000800410002704000250006811000890009324501330018226000580031530000200037304900090039395201700040299900170057200003353320200930070327.0110831s1972 dr 000 0 spa d aDO-SdBNPbspacBNPHU2 aArzobispado de Santo DomingobCentro Latinoamericano de Población y Familia95904410aInforme del estudio exploratorio sobre la inmigración haitiana en la República Dominicana /cprólogo Frank M. Hernández. aSanto Domingo :bArzobispado de Santo Domingo,c1972. a88 p. ;c32 cm. aBNPD 0010718PDaPDbPDcCTd2011-08-31iLF1l0o p33533-10r2020-06-25w2020-06-25yLFPDzPerteneció a la biblioteca personal de Germán Emilio Ornes.ZNo se presta c33024d33024